| 000 | 01218nam a2200301 4500 | ||
|---|---|---|---|
| 003 | EC-UNACH | ||
| 005 | 20251030142219.0 | ||
| 006 | s||||gr|||| 00| 00 | ||
| 008 | 150116t9999 mx r gr 000 0 spa d | ||
| 020 | _a978-958-648-790-0 | ||
| 040 |
_aEC-UNACH _cEC-UNACH |
||
| 041 | _aspa | ||
| 082 | 0 | 4 |
_223 _a327.06 _bL011536 |
| 110 | _aEco ediciones | ||
| 245 | _aInstituciones internacionales la gobernabilidad mundial en perspectiva | ||
| 250 | _aPrimera edición | ||
| 264 |
_aColombia _bEco ediciones _c2012 |
||
| 300 | _a177 | ||
| 505 | _aCapitulo 1- Introducción a las instituciones internacionales - - Capitulo 2- Instituciones para la paz y la seguridad internacional - - Capitulo 3- Instituciones del sistema económico y financiero internacional - - Capitulo 4 -Instituciones para la administración de justicia - - Estudio de caso No 3 Desafíos de la justicia transicional en Colombia. | ||
| 650 | _aSeguridad colectiva | ||
| 650 | _aFondo monetario internacional FMI | ||
| 650 | _aCorte permanente de arbitraje | ||
| 700 | _aPatricia Martínez Coral | ||
| 942 |
_2ddc _c1 |
||
| 999 | _c14127 | ||